Chinese Foods #3 - Statistics

General Stats
  • This quiz has been taken 57 times
  • The average score is 13 of 30
Answer Stats
Description Answer % Correct
'Jian Dui' are deep-fried dessert balls with a sweet bean filling, and are coated in ______ seeds Sesame
78%
Peppercorns that have a numbing effect {Sichuan} pepper
78%
Comfort broth soup with a very alphabetical name {ABC} soup
72%
Frozen dairy dessert typically served in scoops that traces its roots back to ancient China Ice cream
69%
Sauce known for its modern tomato variant (particularly its Heinz brand); the original Chinese version was a dark, fermented fish sauce Ketchup
69%
Soup with a name describing both its spice level and flavour {Hot} {and} {sour} soup
61%
Dark brown boiled egg that has been steeped in a spiced ___ mixture {Tea} egg
61%
Hong Kong sweet waffle with circular bumps on its surface Egg waffle
56%
Wide, flat rice noodle stir-fry cooked with beansprouts and meat (often beef) Ho fun
56%
Type of Chinese white cabbage used in the preparation of kimchi Napa cabbage
53%
Chinese vinegar (e.g. Zhenjiang vinegar) typically has a deep _____ colour Black
50%
General term for unfilled, steamed white buns Mantou
47%
Semi-oxidised type of tea Oolong
47%
Term for various sweet dessert soups that translates to 'sugar water' Tong sui
47%
Two letter spicy, umami seafood sauce {XO} sauce
47%
Type of seaweed sometimes used in salads and stews Kelp
44%
Large yellow citrus with a thick, bitter rind that is native to East and Southeast Asia Pomelo
44%
Rice wine commonly used in Chinese cooking {Shaoxing} wine
44%
Noodle dish mixed with pickled vegetables, spring onions, minced pork, chilli oil and the above {Dandan} noodles
36%
Common Cantonese method of cooking white fish, which is later topped with sliced ginger, spring onions and a hot oil pour Steamed
33%
Flour gruel that is typically seasoned with sweet ingredients; translates to 'tea soup' Chatang
31%
Celebratory dish comprising this crustacean served on stir-fried noodles with a thick, rich gravy {Lobster} yee mein
31%
Taiwanese brand that produces several popular snacks, such as its rice crackers and milk drink Want Want
25%
Jellied apricot kernel milk dessert that resembles tofu {Annin} tofu
22%
Aquatic vegetable that, contrary to its name, is not actually a nut Water chestnut
22%
Ribbon-shaped, hand-cut noodles Dao xiao mian
14%
Pork belly dish whose preparation involves both simmering in spices and stir-frying Twice-cooked pork
14%
Cantonese smooth milk custard dessert that forms several skins Double skin milk
11%
Meat pie that is a common breakfast Xian bing
8%
Sour prune drink made from smoked plums Suanmeitang
6%
No matching quizzes found
Score Distribution
Percent of People with Each Score
Percentile by Number Answered
Your Score History
You have not taken this quiz